| 000 | 00897nam a2200253Ia 4500 | ||
|---|---|---|---|
| 003 | OSt | ||
| 005 | 20221002050203.0 | ||
| 006 | a|||||r|||| 00| 0 | ||
| 007 | ta | ||
| 008 | 220930b |||||||| |||| 00| 0 hin d | ||
| 020 |
_a9788188939268 (hbk) _c750 |
||
| 024 | _a107054 | ||
| 037 |
_b12955, 18/03/2011, Kitab Ghar _cReference Collections |
||
| 040 |
_aCRL _cCRL _bhin |
||
| 041 |
_2hin _ahin |
||
| 082 | _aO152,3M89x, Q0(RR) | ||
| 100 | _aजयशंकर प्रसाद | ||
| 245 | 0 | _aकी सम्पूर्ण कहानियॉं | |
| 260 |
_aदिल्ली _b विमला बुक्स _c2010 |
||
| 300 |
_a504पृ0 _ccm. |
||
| 650 | _aहिन्दी साहित्य | ||
| 942 |
_hO152,3M89x, Q0(RR) _cref _2CC |
||
| 999 |
_c914077 _d914077 |
||